000 00592nam a22001697a 4500
010 _aENG-118736
020 _c450.00
035 _aEN-102268
037 _bDBAD / PUB
082 _a000
100 _aRaviraman,Tu
245 _aRecruitment of officer card post in public sector banks :
_cby Tu Raviraman
_bgeneral awareness,general English,quantitative aptitude,reasoning ability/
260 _aChennai
_bThe Raman's Books
_c2010
270 _a#25,fourth main Road,Indiranagar
_bChennai
_e600020
300 _aVarious Pagings
_c24cm (Pbk)
942 _2ddc
_cEN
_mRAV
_h000
999 _c141272
_d141272